Normal view
MARC view
- ادارة الاعمال-التغيير التنظيمي
Entry Topical Term
001 - CONTROL NUMBER
- control field: 50430
003 - CONTROL NUMBER IDENTIFIER
- control field: JO-AjAnu
005 - DATE AND TIME OF LATEST TRANSACTION
- control field: 20230606082313.0
008 - FIXED-LENGTH DATA ELEMENTS
- fixed length control field: 230606|| aca||aabn | a|a d
040 ## - CATALOGING SOURCE
- Original cataloging agency: JO-AjAnu
- Transcribing agency: JO-AjAnu
150 ## - HEADING--TOPICAL TERM
- Topical term or geographic name entry element: ادارة الاعمال-التغيير التنظيمي
670 ## - SOURCE DATA FOUND
- Source citation: Work cat.: (JO-AjAnu)25782: عليان، ربحي مصطفى, author 50429, إدارة التغيير=Change Management